Toutes les communes de la métropole du Grand Nancy - Statistiques

Statistiques générales
  • Ce quiz a été pris 256 fois
  • Le résultat moyen est 12 sur 20
Statistiques - réponses
Commune Population (2023) % Correct
Vandœuvre-lès-Nancy 29 942
93%
Laxou 14 771
89%
Nancy 103 671
87%
Maxéville 10 090
84%
Malzéville 7 820
80%
Villers-lès-Nancy 14 718
79%
Essey-lès-Nancy 8 670
77%
Saint-Max 9 913
73%
Jarville-la-Malgrange 9 356
72%
Tomblaine 9 117
68%
Ludres 5 843
60%
Houdemont 2 066
54%
Laneuveville-devant-Nancy 6 630
52%
Pulnoy 5 099
52%
Seichamps 5 165
46%
Heillecourt 5 414
45%
Dommartemont 566
40%
Fléville-devant-Nancy 2 171
39%
Saulxures-lès-Nancy 4 344
35%
Art-sur-Meurthe 1 700
24%
Aucun quiz correspondant
Distribution des résultats
% des personnes avec chaque résultat
Percentile par nombre de réponses
Votre historique - résultats
Vous n’avez pas pris ce quiz